Football Culture 2020 - Statistiques

Statistiques générales
  • Ce quiz a été pris 44 fois
    42 depuis la dernière actualisation
  • Le résultat moyen est 13 sur 20
Statistiques - réponses
Hint Réponse % Correct
Quel équipe a gagné l'Euro 2024 ? Espagne
100%
Quelle équipe surprise a atteint les demi-finales de la Coupe du Monde 2022 ? Maroc
97%
Quel joueur a manqué son penalty lors du match France-Suisse de l'Euro 2021 ? Kylian Mbappe
79%
Quel international français a joué à Lens, Udinese et aux Tigres ? Florian Thauvin
74%
Qui était le gardien de la Suisse lors de l'Euro 2021 ? Yann Sommer
74%
Quel club Mateo Kovacic a rejoint en provenance de Chelsea ? Manchester City
72%
Quel est le prénom du frère de Jude Bellingham ? Jobe
69%
Qui a remplacé Cristiano Ronaldo en pointe de l'attaque du Portugal lors de la Coupe du Monde 2022 ? Goncalo Ramos
67%
Quelle équipe a été éliminé par le Real Madrid en quart de finale de la LDC 2022 ? Chelsea
62%
Quelle équipe a eliminé le Brésil de la Coupe du Monde 2022 ? Croatie
62%
Qui était le gardien du LOSC lors de leur titre en 2021 ? Mike Maignan
62%
Dans quel club jouait Erling Haaland avant Dortmund ? RB Salzbourg
62%
Qui est l'unique buteur de la finale de la LDC 2022 ? Vinicius
62%
Quelle équipe a réalisé une saison invaincue (à une finale prés) en 2024 Bayer Leverkusen
59%
Qui a inscrit le seul but de la finale de Ligue des Champions 2023 ? Rodri
59%
Quel joueur a inscrit un triplé en finale d'Europa League ? Ademola Lookman
54%
Quelle équipe a été eliminé par Lyon en Huitième de finale de la LDC 2020 ? Juventus
51%
Qui a gagné la première Conference League de l'histoire ? AS Roma
46%
Qui a terminé 3ème du Ballon d'Or 2021 ? Jorginho
33%
Quel joueur est le plus gros transfert de la décennie 2020 ? Alexander Isak
23%
Aucun quiz correspondant
Distribution des résultats
% des personnes avec chaque résultat
Percentile par nombre de réponses
Votre historique - résultats
Vous n’avez pas pris ce quiz depuis la dernière actualisation